Plata labrada en la Real Hacienda (Record no. 6726)

MARC details
000 -CABECERA
campo de control de longitud fija 00918nam a2200253 a 4500
001 - NÚMERO DE CONTROL
campo de control BRCA_7045
005 - FECHA Y HORA DE LA ÚLTIMA TRANSACCIÓN
campo de control 20190320205705.0
008 - DATOS DE LONGITUD FIJA--INFORMACIÓN GENERAL
campo de control de longitud fija 011211s2002----mx-a######---#000-0#spa-#
020 ## - NÚMERO INTERNACIONAL ESTÁNDAR DEL LIBRO
Número Internacional Estándar del Libro 970188177X
041 ## - CÓDIGO DE LENGUA
Código de lengua del texto/banda sonora o título independiente spa
044 ## - CÓDIGO DEL PAÍS DE LA ENTIDAD EDITORA/PRODUCTORA
Código MARC del país mx
050 #4 - SIGNATURA TOPOGRÁFICA DE LA BIBLIOTECA DEL CONGRESO
Número de clasificación HD9537
Número de documento/Ítem .R85 2002
100 1# - ENTRADA PRINCIPAL--NOMBRE DE PERSONA
Nombre de persona Ruiz Medrano, Carlos Rubén
9 (RLIN) 10014
245 10 - MENCIÓN DE TÍTULO
Título Plata labrada en la Real Hacienda
Resto del título estudio fiscal novohispano, 1739-1800
Mención de responsabilidad, etc. Carlos Rubén Ruiz Medrano.
260 ## - PUBLICACIÓN, DISTRIBUCIÓN, ETC.
Lugar de publicación, distribución, etc. México
Nombre del editor, distribuidor, etc. INAH ; El Colegio de San Luis
Fecha de publicación, distribución, etc. 2002
300 ## - DESCRIPCIÓN FÍSICA
Extensión 152 p.
Otras características físicas il.
Dimensiones 26 cm.
440 #0 - MENCIÓN DE SERIE/PUNTO DE ACCESO ADICIONAL--TÍTULO
Título Colección Científica
Nombre de parte o sección de la obra Serie Historia
Designación de volumen o secuencia 445
9 (RLIN) 17505
500 ## - NOTA GENERAL
Nota general Donación de María Sánchez
504 ## - NOTA DE BIBLIOGRAFÍA, ETC.
Nota de bibliografía, etc. Bibliografía: p. 149-152
650 14 - PUNTO DE ACCESO ADICIONAL DE MATERIA--TÉRMINO DE MATERIA
Término de materia o nombre geográfico como elemento de entrada Minas de plata y minería
Subdivisión general Historia
Subdivisión cronológica Siglo XVIII
Subdivisión geográfica México
9 (RLIN) 17506
650 14 - PUNTO DE ACCESO ADICIONAL DE MATERIA--TÉRMINO DE MATERIA
Término de materia o nombre geográfico como elemento de entrada Platería
Subdivisión general Historia
Subdivisión cronológica Siglo XVIII
Subdivisión geográfica México
9 (RLIN) 17507
650 14 - PUNTO DE ACCESO ADICIONAL DE MATERIA--TÉRMINO DE MATERIA
Término de materia o nombre geográfico como elemento de entrada Política fiscal
Subdivisión general Historia
Subdivisión cronológica Siglo XVIII
Subdivisión geográfica México
9 (RLIN) 17508
942 ## - ELEMENTOS DE PUNTO DE ACCESO ADICIONAL (KOHA)
Fuente del sistema de clasificación o colocación Library of Congress Classification
Tipo de ítem Koha Libros
Holdings
Estado de retiro Estado de pérdida Estado dañado No para préstamo Localización permanente Ubicación/localización actual Fecha de adquisición Total de préstamos Signatura topográfica completa Código de barras Fecha visto por última vez Precio válido a partir de Tipo de ítem Koha
El ejemplar forma parte de la colección y puede ser consultado según las políticas vigentes.       Biblioteca del Museo Franz Mayer (Rogerio Casas-Alatriste) Biblioteca del Museo Franz Mayer (Rogerio Casas-Alatriste) 01/12/2011   HD9537 .R85 2002 02686 22/03/2019 22/03/2019 Libros